The Great Barrier Reef : (Record no. 5030)
[ view plain ]
| 000 -LEADER | |
|---|---|
| fixed length control field | 00804nam a22002297a 4500 |
| 001 - CONTROL NUMBER | |
| control field | 5030 |
| 003 - CONTROL NUMBER IDENTIFIER | |
| control field | FISKH |
| 005 - DATE AND TIME OF LATEST TRANSACTION | |
| control field | 20241101105436.0 |
| 008 - FIXED-LENGTH DATA ELEMENTS--GENERAL INFORMATION | |
| fixed length control field | 241101b cb ||||| |||| 00| 0 eng d |
| 020 ## - INTERNATIONAL STANDARD BOOK NUMBER | |
| International Standard Book Number | 9780395618387 |
| 040 ## - CATALOGING SOURCE | |
| Original cataloging agency | FISKH |
| Language of cataloging | eng |
| Transcribing agency | FISKH |
| Modifying agency | FISKH |
| 050 ## - LIBRARY OF CONGRESS CALL NUMBER | |
| Classification number | QH197.G445 |
| 082 ## - DEWEY DECIMAL CLASSIFICATION NUMBER | |
| Classification number | 574.92 |
| 100 ## - MAIN ENTRY--PERSONAL NAME | |
| Personal name | Gilbreath, Alice |
| 245 ## - TITLE STATEMENT | |
| Title | The Great Barrier Reef : |
| Remainder of title | A Treasure in the Sea / |
| Statement of responsibility, etc. | by Alice Gilbreath |
| 260 ## - PUBLICATION, DISTRIBUTION, ETC. | |
| Place of publication, distribution, etc. | Boston : |
| Name of publisher, distributor, etc. | Houghton Mifflin Company ; |
| Date of publication, distribution, etc. | 1986 . |
| 300 ## - PHYSICAL DESCRIPTION | |
| Extent | 103 pages : |
| Other physical details | color illustrations ; |
| Dimensions | 23 cm . |
| 520 ## - SUMMARY, ETC. | |
| Summary, etc. | Describes the largest reef on earth, its construction by billions of coral animals, life on the reef, and its human visitors from Captain Cook to today's scuba divers. |
| 650 ## - SUBJECT ADDED ENTRY--TOPICAL TERM | |
| Topical term or geographic name entry element | biomes |
| Form subdivision | non-fiction |
| 942 ## - ADDED ENTRY ELEMENTS (KOHA) | |
| Source of classification or shelving scheme | Dewey Decimal Classification |
| Koha item type | Books |
| Suppress in OPAC | No |
| Withdrawn status | Lost status | Source of classification or shelving scheme | Damaged status | Not for loan | Collection | Home library | Current library | Shelving location | Date acquired | Total Checkouts | Full call number | Barcode | Date last seen | Date last checked out | Price effective from | Koha item type |
|---|---|---|---|---|---|---|---|---|---|---|---|---|---|---|---|---|
| Dewey Decimal Classification | Non-Fiction | Footprints International School Library Network Toul Kork Campus | Footprints International School Library Network Toul Kork Campus | TTP Secondary Non-Fiction Bookshelves | 11/01/2024 | 1 | GIL 574.92 QH197.G445 | FISSE01557 | 11/10/2025 | 10/31/2025 | 11/01/2024 | Books |
